Vývoj kvality, spotreby a cien potravinárskych výrobkov

Spotreba a trh potravín predstavujú v súčasnosti jeden zo základných výživových a ekonomických problémov. Kvalita potravinárskych výrobkov. Certifikácia výrobkov. Vývoj spotreby potravín po roku 1990. Vývoj cien potravinárskych výrobkov.

Saved in:
Bibliographic Details
Main Author: Kollár, Vojtech
Other Authors: Lacková, Alica, Karkalíková, Marta
Format: Book Chapter
Language:Slovak
Subjects:
Tags: Add Tag
No Tags, Be the first to tag this record!

MARC

LEADER 00000naa a2200000 4500
001 r034530
005 20230918075946.8
041 0 |a slo 
044 |a SK 
245 1 0 |a Vývoj kvality, spotreby a cien potravinárskych výrobkov  |c Vojtech Kollár, Alica Lacková, Marta Karkalíková 
520 |a Spotreba a trh potravín predstavujú v súčasnosti jeden zo základných výživových a ekonomických problémov. Kvalita potravinárskych výrobkov. Certifikácia výrobkov. Vývoj spotreby potravín po roku 1990. Vývoj cien potravinárskych výrobkov. 
610 2 0 |a kontrola kvality 
610 2 0 |a kvalita výrobkov 
610 2 0 |a potraviny 
610 2 0 |a spotreba potravín 
610 2 0 |a ceny 
610 2 0 |a certifikácia 
610 2 0 |a Slovensko 
100 1 |a Kollár, Vojtech 
700 1 |a Lacková, Alica 
700 1 |a Karkalíková, Marta